Xây dựng cơ chế kiểm soát quyền lực nhà nước theo Hiến pháp năm 2013 /

Đã lưu trong:
Bibliografiske detaljer
Hovedforfatter: Trần Ngọc Đường.
Format: Bài viết
Sprog:Vietnamese
Fag:
Tags: Tilføj Tag
Ingen Tags, Vær først til at tagge denne postø!
Thư viện lưu trữ: Thư viện Trường Đại học Đà Lạt
LEADER 00814nam a2200265 4500
001 DLU180187939
005 ##20181017
040 # # |a DLU  |b vie 
041 # # |a vie 
044 # # |a vn 
100 # # |a Trần Ngọc Đường. 
245 # # |a Xây dựng cơ chế kiểm soát quyền lực nhà nước theo Hiến pháp năm 2013 /  |c Trần Ngọc Đường. 
653 # # |a Bộ máy nhà nước 
653 # # |a Hiến pháp năm 2013 
653 # # |a Quyền lực  
773 # # |t Nhà nước và pháp luật  |g Số 12(356), 2017, tr. 3-9 
920 # # |a Phòng Tạp chí -- Trung tâm Thông tin - Thư viện Trường Đại học Đà Lạt 
994 # # |a DLU 
900 # # |a True 
911 # # |a Hoàng Thị Huyền 
925 # # |a G 
926 # # |a A 
927 # # |a BB 
980 # # |a Thư viện Trường Đại học Đà Lạt